[Event "It's a Leisure Knockout III"]
[Site "SchemingMind.com"]
[Date "2010.11.18"]
[Round "-"]
[White "tyler_ensor"]
[Black "simon_w"]
[Result "0-1"]
[WhiteCountry "CAN"]
[BlackCountry "IRL"]
[WhiteElo "1862"]
[WhiteRD "62"]
[BlackElo "1932"]
[BlackRD "84"]
[GameID "267260"]

1. d4 d5 2. c4 e6 3. Nc3 Be7 4. Nf3 Nf6 5. Bg5 h6 6. Bh4 O-O 7. e3 b6 8. cxd5 Nxd5 9. Bxe7 Qxe7 10. Nxd5 exd5
11. Bd3 Be6 12. Rc1 c5 13. O-O Nc6 14. dxc5 bxc5 15. Qc2 Nb4 16. Qb1 Nxd3 17. Qxd3 Qb7 18. Rxc5 Qxb2 19. Rc2 Qb7 20. Nd4 Bd7
21. Rfc1 Rfc8 22. g3 Rxc2 23. Rxc2 Bh3 24. Qb3 Qe7 25. Qxd5 Rb8 26. Nb3 Rd8 27. Qh5 Qe4 28. Qxh3 Rd1+
0-1

[Event "It's a Leisure Knockout III"]
[Site "SchemingMind.com"]
[Date "2010.11.18"]
[Round "-"]
[White "simon_w"]
[Black "tyler_ensor"]
[Result "1-0"]
[WhiteCountry "IRL"]
[BlackCountry "CAN"]
[WhiteElo "1895"]
[WhiteRD "85"]
[BlackElo "1752"]
[BlackRD "57"]
[GameID "267261"]

1. e4 c5 2. Nf3 g6 3. d4 cxd4 4. Nxd4 Nc6 5. Be3 Nf6 6. Nc3 Bg7 7. Nxc6 bxc6 8. e5 Nd5 9. Nxd5 cxd5 10. Qxd5 Rb8
11. O-O-O O-O 12. Bc4 Qc7 13. f4 Bb7 14. Qd3 Rfc8 15. Bb3 Bxg2 16. Rhg1 Bh3 17. c3 Bf5 18. Qd4 Qa5 19. Qxa7 Qb5 20. Rd5 Qc6
21. Rgd1 Be6 22. Rc5 Qg2 23. Rxc8+ Rxc8 24. Bxe6 dxe6 25. Qxe7 Rb8 26. Rd8+ Rxd8 27. Qxd8+ Bf8 28. Qd2 Qh1+ 29. Qd1 Qxh2 30. Qf3 Qh4
31. b4 Qe1+ 32. Kc2 Qa1 33. Qa8 Kg7 34. Bc1 h5 35. b5 Bc5 36. a4 Qa2+ 37. Kd3 h4 38. Qc6 Bf2 39. b6 Qd5+ 40. Qxd5 exd5
41. b7 Ba7 42. Be3 Bb8 43. a5 h3 44. Bg1 g5 45. a6 gxf4 46. Bh2 f3 47. Ke3 Kf8 48. Kxf3 Ke7 49. Bg1 h2 50. Bxh2 Kd8
51. e6
1-0

[Event "It's a Leisure Knockout III"]
[Site "SchemingMind.com"]
[Date "2010.12.02"]
[Round "-"]
[White "egis"]
[Black "bull mccabe"]
[Result "1-0"]
[WhiteCountry "LTU"]
[BlackCountry "IRL"]
[WhiteElo "2002"]
[WhiteRD "90"]
[BlackElo "1805"]
[BlackRD "110"]
[GameID "268284"]

1. c4 e5 2. Nc3 Nf6 3. Nf3 Nc6 4. g3 Bb4 5. Bg2 O-O 6. O-O e4 7. Ng5 Bxc3 8. dxc3 Re8 9. Qc2 d5 10. cxd5 Bf5
11. c4
1-0

[Event "It's a Leisure Knockout III"]
[Site "SchemingMind.com"]
[Date "2010.12.02"]
[Round "-"]
[White "bull mccabe"]
[Black "egis"]
[Result "0-1"]
[WhiteCountry "IRL"]
[BlackCountry "LTU"]
[WhiteElo "1805"]
[WhiteRD "110"]
[BlackElo "2002"]
[BlackRD "90"]
[GameID "268289"]

1. e4 c5 2. Nc3 e6 3. Nf3 Nc6 4. d4 cxd4 5. Nxd4 Qc7 6. Be3 Nf6 7. Be2 Bb4 8. Nb5 Qa5 9. O-O O-O 10. a3 Be7
11. Nd6 Qe5
0-1

[Event "It's a Leisure Knockout III"]
[Site "SchemingMind.com"]
[Date "2010.12.01"]
[Round "-"]
[White "XTC"]
[Black "Behemot"]
[Result "0-1"]
[WhiteCountry "COL"]
[BlackCountry "INT"]
[WhiteElo "1889"]
[WhiteRD "62"]
[BlackElo "1884"]
[BlackRD "85"]
[GameID "268557"]

1. e4 c5 2. Nf3 e6 3. d4 cxd4 4. Nxd4 a6 5. c4 Qc7 6. Nc3 Nf6 7. Be2 Bb4 8. Nc2 Bxc3+ 9. bxc3 Nxe4 10. Qd4 Nf6
11. Bf4 Qa5 12. O-O Nc6 13. Qd3 e5 14. Bg5 d5 15. Bxf6 gxf6 16. cxd5 Ne7 17. d6 Nc6 18. Rfd1 Bd7 19. Ne3 O-O-O 20. Qd5 Be6
21. Qxa5 Nxa5 22. Rdb1 Rxd6 23. a4 Rhd8 24. Rb4 Rd2 25. Re1 Nc6
0-1

[Event "It's a Leisure Knockout III"]
[Site "SchemingMind.com"]
[Date "2010.12.01"]
[Round "-"]
[White "Behemot"]
[Black "XTC"]
[Result "1/2-1/2"]
[WhiteCountry "INT"]
[BlackCountry "COL"]
[WhiteElo "1884"]
[WhiteRD "85"]
[BlackElo "1889"]
[BlackRD "62"]
[GameID "268559"]

1. e4 e5 2. Nf3 Nc6 3. Bb5 a6 4. Ba4 Nf6 5. Qe2 b5 6. Bb3 Bc5 7. c3 O-O 8. O-O Bb7 9. d3 Re8 10. Bg5 h6
11. Bh4 Be7 12. Nbd2 d6 13. d4 exd4 14. cxd4 Na5 15. Bc2 Nxe4 16. Bxe7 Qxe7 17. Rfe1 d5 18. a4 Qb4 19. Qd3 Qxb2 20. Rab1 Qa2=
1/2-1/2

[Event "It's a Leisure Knockout III"]
[Site "SchemingMind.com"]
[Date "2010.12.15"]
[Round "-"]
[White "harsh"]
[Black "desmondw"]
[Result "1-0"]
[WhiteCountry "IND"]
[BlackCountry "IRL"]
[WhiteElo "1985"]
[WhiteRD "86"]
[BlackElo "1843"]
[BlackRD "87"]
[GameID "270057"]

1. d4 Nf6 2. c4 e6 3. Nc3 Bb4 4. Qc2 d5 5. e3 O-O 6. Nf3 c5 7. a3 Bxc3+ 8. bxc3 Nbd7 9. Bd3 b6 10. O-O Bb7
11. cxd5 Bxd5 12. e4 Bc6 13. e5 Bxf3 14. gxf3 cxd4 15. exf6 Nxf6 16. cxd4 Rc8 17. Qb1 Qxd4 18. Bb2 Qh4 19. Bxf6 gxf6 20. Kh1 Kh8
21. Qb4 Qxb4 22. axb4 Rcd8 23. Be4 f5 24. Bc6 Rd6 25. b5 Rfd8 26. Rxa7 Rd1 27. Rxd1
1-0

[Event "It's a Leisure Knockout III"]
[Site "SchemingMind.com"]
[Date "2010.12.15"]
[Round "-"]
[White "desmondw"]
[Black "harsh"]
[Result "0-1"]
[WhiteCountry "IRL"]
[BlackCountry "IND"]
[WhiteElo "1843"]
[WhiteRD "87"]
[BlackElo "1985"]
[BlackRD "86"]
[GameID "270060"]

1. d4 Nf6 2. Nf3 e6 3. c4 c5 4. d5 exd5 5. cxd5 d6 6. Nc3 g6 7. e4 Bg7 8. h3 O-O 9. Bd3 b5 10. Bxb5 Nxe4
11. Nxe4 Qa5+ 12. Nfd2 Qxb5 13. Nxd6 Qa6 14. N2c4 Rd8 15. Nxc8 Qxc4 16. Ne7+ Kf8 17. Bg5 f6 18. Nxg6+ hxg6 19. Be3 Rxd5 20. Qc1 Qd3
21. Bxc5+ Kg8 22. h4 Nd7 23. Rh3 Re8+ 24. Be3 f5 25. f4 Nf6
0-1

[Event "It's a Leisure Knockout III"]
[Site "SchemingMind.com"]
[Date "2010.12.26"]
[Round "-"]
[White "DI DARIO"]
[Black "miriskra"]
[Result "1/2-1/2"]
[WhiteCountry "INT"]
[BlackCountry "WLS"]
[WhiteElo "1670"]
[WhiteRD "58"]
[BlackElo "1891"]
[BlackRD "57"]
[GameID "270606"]

1. c4 e6 2. Nf3 Nf6 3. g3 d5 4. cxd5 exd5 5. Bg2 Be7 6. O-O O-O 7. b3 c6 8. d3 Na6 9. Nh4 Nd7 10. Nf5 Bf6
11. d4 Ndc5 12. Ne3 Ne6 13. Bb2 Nac7 14. Nd2 Bxd4 15. Bxd4 Nxd4 16. Nb1 Nf5 17. Nxf5 Bxf5 18. Nd2 Re8 19. Nf3 Nb5 20. Rc1 Nd6
21. Nh4 Be4 22. Bxe4 Rxe4 23. Ng2 Qe7 24. e3 Re8 25. Nh4 Rxh4 26. gxh4 Qxh4 27. Qf3 Re6 28. Qf4 Qh3 29. Kh1 Rf6 30. Qg3 Qe6
31. Qh4 Nf5 32. Qb4 Nd6 33. Rc3 Rh6 34. e4 Nxe4 35. Qxb7 g6 36. Qb8+ Kg7 37. Rf3 Nd2 38. Re3 Qf5 39. Rfe1 Ne4 40. f3 Nf2+
41. Kg2 Nd3 42. Rxd3 Qxd3 43. Qe5+ Kg8 44. Qe8+ Kg7 45. Qe5+ Kg8 46. Qe8+ Kg7 47. Qe5+
1/2-1/2

[Event "It's a Leisure Knockout III"]
[Site "SchemingMind.com"]
[Date "2010.12.26"]
[Round "-"]
[White "miriskra"]
[Black "DI DARIO"]
[Result "1-0"]
[WhiteCountry "WLS"]
[BlackCountry "INT"]
[WhiteElo "1808"]
[WhiteRD "69"]
[BlackElo "1653"]
[BlackRD "58"]
[GameID "270612"]

1. d4 d5 2. Nf3 Bg4 3. Ne5 Bh5 4. g4 Bg6 5. h4 f6 6. Nxg6 hxg6 7. Qd3 Qd7 8. Qxg6+ Kd8 9. Nc3 Rh6 10. Bxh6 Nxh6
11. Bh3 e6 12. O-O-O Nc6 13. Kb1 Na5 14. e4 c6 15. g5 Nf7 16. gxf6 Nd6 17. exd5 cxd5 18. Nxd5 Ndc4 19. Nc3 b5 20. d5 Qd6
21. dxe6 Nd2+ 22. Rxd2 Qxd2 23. Rd1 Qxd1+ 24. Nxd1 gxf6 25. Qf7
1-0

[Event "It's a Leisure Knockout III"]
[Site "SchemingMind.com"]
[Date "2010.12.22"]
[Round "-"]
[White "NimbleKnight"]
[Black "petrus"]
[Result "0-1"]
[WhiteCountry "USA"]
[BlackCountry "BEL"]
[WhiteElo "1876"]
[WhiteRD "110"]
[BlackElo "1845"]
[BlackRD "85"]
[GameID "270699"]

1. e4 c5 2. Nf3 g6 3. d4 cxd4 4. Nxd4 Bg7 5. c4 Qb6 6. Nb3 d6 7. Qc2 Nf6 8. Be3 Qc6 9. f3 O-O 10. Nc3 Be6
11. Nd2 Na6 12. Rc1 Nd7 13. Be2 Nb4 14. Qb1 Ne5 15. b3 b6 16. O-O f5 17. Rfd1 f4 18. Bf2 Qb7 19. Nf1 Rac8 20. Nd5 Nxd5
21. cxd5 Bd7 22. Nd2 b5 23. Nf1 a6 24. Rxc8 Rxc8 25. Rc1 Nf7 26. Bd3 Rc3 27. Rxc3 Bxc3 28. Qc2 b4 29. Be2 Bb5 30. Bxb5 Qxb5
31. a4 Qb7 32. Qc1 g5 33. Qd1 Qc7 34. Qe2 Qc8 35. Qc2 Ne5 36. h3 Kf7 37. Nh2 h5 38. Kf1 a5 39. Kg1 Qa6 40. Qd1 Qd3
41. Qxd3 Nxd3 42. Bb6 Nc1 43. Bxa5 Nxb3 44. Bxb4 Bxb4 45. Kf2 Nc5 46. Ke2 Nxa4 47. Nf1 Kf6 48. Nh2 Nb2 49. Nf1 Ke5 50. Nh2 Kd4
51. Nf1 Nc4 52. Nh2 Ne3 53. Kf2 Bc5 54. Nf1 Nxf1 55. Kxf1 Kd3 56. Ke1 Ke3 57. Kf1 Kd2 58. h4 gxh4
0-1

[Event "It's a Leisure Knockout III"]
[Site "SchemingMind.com"]
[Date "2010.12.22"]
[Round "-"]
[White "petrus"]
[Black "NimbleKnight"]
[Result "0-1"]
[WhiteCountry "BEL"]
[BlackCountry "USA"]
[WhiteElo "1826"]
[WhiteRD "94"]
[BlackElo "1857"]
[BlackRD "106"]
[GameID "270707"]

1. d4 d5 2. e3 Bf5 3. Bd3 Bxd3 4. cxd3 e6 5. Qb3 b6 6. Nf3 c5 7. dxc5 Bxc5 8. O-O Nd7 9. Bd2 Ngf6 10. Bc3 O-O
11. Qc2 Qc7 12. Nbd2 Rac8 13. Rac1 Bd6 14. Qb1 Qb8 15. Bxf6 Nxf6 16. Nb3 Qb7 17. Nbd4 a6 18. Rxc8 Rxc8 19. Rc1 h6 20. Rc2 Rxc2
21. Qxc2 Qc7 22. Qxc7 Bxc7 23. b3 Kf8 24. h3 Ke8 25. Kf1 Kd7= 26. Ke2 Bd6 27. g4 g5 28. Nd2 Be5 29. Nc2 Bb8 30. f3 Bd6
31. e4 Be7 32. e5 Ne8 33. Ke3 f6 34. d4 fxe5 35. dxe5 Bc5+ 36. Ke2 Bf8 37. Ke3 Bc5+ 38. Nd4 Nc7 39. a4 a5 40. Nf1 Ke7
41. Ng3 Na6 42. Ne2 Nb4 43. Kd2 Kf7 44. Nc2 Nc6 45. f4 gxf4 46. Nxf4 Nxe5 47. Ke2 Ng6 48. Nh5 Bd6 49. Kf3 Nh4+ 50. Ke3 e5
51. Ng3 Bc5+ 52. Ke2 Ke6 53. Ne3 Bxe3 54. Kxe3 Kf6 55. Ne2 Ng6 56. Kf3 Nf8 57. Nc3 e4+ 58. Ke3 Ke5 59. Ne2 Ne6 60. h4 d4+
61. Kd2 Nc5 62. Nc1 e3+ 63. Ke2 Ke4 64. Kd1 d3 65. g5 hxg5 66. hxg5 Kf5 67. Na2 Nxb3 68. Nc3 e2+ 69. Ke1 Nc5
0-1

[Event "It's a Leisure Knockout III"]
[Site "SchemingMind.com"]
[Date "2011.01.10"]
[Round "-"]
[White "Aadsje"]
[Black "BlueMooner"]
[Result "1-0"]
[WhiteCountry "NED"]
[BlackCountry "ENG"]
[WhiteElo "2147"]
[WhiteRD "62"]
[BlackElo "1872"]
[BlackRD "82"]
[GameID "272105"]

1. e4 e6 2. Nf3 d5 3. Nc3 Nf6 4. e5 Nfd7 5. d4 c5 6. dxc5 Nc6 7. Bf4 Nxc5 8. Bb5 a6 9. Bxc6+ bxc6 10. O-O Be7
11. Nd4 Bb7 12. Qh5 O-O 13. Nb3 Nd7 14. Rad1 c5 15. Rfe1 Rc8 16. Qg4 Re8 17. Qg3 Rb8 18. Bh6 Bf8 19. Bg5 Qb6 20. Re2 a5
21. a4 Bc6 22. Ree1 d4 23. Ne4 Bxa4 24. Ned2 Bxb3 25. cxb3 a4 26. bxa4 Qxb2 27. Ra1 Qb7 28. a5 Qd5 29. a6 Rb6 30. h3 Ra8
31. Qd3 Rb4 32. Nf3 Nb8 33. Red1 Rb6 34. Bd2 Raxa6 35. Rxa6 Nxa6 36. Ng5 g6 37. Ba5 Rc6 38. Qb5 Nb4 39. Qb7
1-0

[Event "It's a Leisure Knockout III"]
[Site "SchemingMind.com"]
[Date "2011.01.10"]
[Round "-"]
[White "BlueMooner"]
[Black "Aadsje"]
[Result "0-1"]
[WhiteCountry "ENG"]
[BlackCountry "NED"]
[WhiteElo "1851"]
[WhiteRD "82"]
[BlackElo "2122"]
[BlackRD "66"]
[GameID "272110"]

1. e4 Nc6 2. Bc4 e5 3. Nc3 Nf6 4. d3 Na5 5. Qf3 Bc5 6. Nge2 d6 7. h3 Nxc4 8. dxc4 Be6 9. b3 Nd7 10. Qg3 O-O
11. Bh6 Bxf2+ 12. Qxf2 gxh6 13. g4 Qg5 14. Ng3 a5 15. a4 Kh8 16. Ke2 h5 17. Qe3 Qxe3+ 18. Kxe3 hxg4 19. hxg4 Rg8 20. Nf5 Rxg4
0-1

[Event "It's a Leisure Knockout III"]
[Site "SchemingMind.com"]
[Date "2011.01.10"]
[Round "-"]
[White "z"]
[Black "marooned"]
[Result "0-1"]
[WhiteCountry "IRQ"]
[BlackCountry "CHI"]
[WhiteElo "1837"]
[WhiteRD "90"]
[BlackElo "1927"]
[BlackRD "79"]
[GameID "272216"]

1. e4 c5 2. Nf3 Nc6 3. d4 cxd4 4. Nxd4 Nf6 5. Nc3 d6 6. h3 g6 7. Be3 Bg7 8. Qd2 O-O 9. O-O-O Qa5 10. g4 Nxd4
11. Bxd4 Be6 12. Bg2 Bxa2 13. g5 Nd7 14. Nd5 Qxd2+ 15. Rxd2 Bxd5 16. exd5 Bxd4 17. Rxd4 Rac8 18. Re1 f6 19. Rxe7 Nc5 20. b4 Nb3+
0-1

[Event "It's a Leisure Knockout III"]
[Site "SchemingMind.com"]
[Date "2011.01.10"]
[Round "-"]
[White "marooned"]
[Black "z"]
[Result "1-0"]
[WhiteCountry "CHI"]
[BlackCountry "IRQ"]
[WhiteElo "1962"]
[WhiteRD "80"]
[BlackElo "1844"]
[BlackRD "90"]
[GameID "272220"]

1. d4 d5 2. c4 dxc4 3. Nf3 Nf6 4. e3 e6 5. Bxc4 a6 6. O-O b5 7. Bd3 Bb7 8. Re1 c5 9. Nbd2 Nbd7 10. b3 Be7
11. Bb2 O-O 12. Rc1 Qb6 13. dxc5 Nxc5 14. Bd4 b4 15. Nc4 Qd8 16. Bb1 Qd5 17. Nb6 Qh5 18. Nxa8 Ng4 19. h3 Nh6 20. Nc7 Bd6
21. Bxc5 Bxc5 22. Qd3 f5 23. Rxc5 Bxf3 24. gxf3 Qxf3 25. e4 fxe4 26. Qxf3 exf3 27. Nxe6
1-0

[Event "It's a Leisure Knockout III"]
[Site "SchemingMind.com"]
[Date "2011.04.13"]
[Round "-"]
[White "marooned"]
[Black "Aadsje"]
[Result "1-0"]
[WhiteCountry "CHI"]
[BlackCountry "NED"]
[WhiteElo "1970"]
[WhiteRD "83"]
[BlackElo "1897"]
[BlackRD "56"]
[GameID "280480"]

1. d4 d5 2. c4 dxc4 3. Nf3 Nf6 4. e3 e6 5. Bxc4 c5 6. O-O a6 7. dxc5 Bxc5 8. Qxd8+ Kxd8 9. Nbd2 Ke7 10. Be2 Bd7
11. Nb3 Bd6 12. Bd2 Nc6 13. Rac1 Rac8 14. Rfd1
1-0

[Event "It's a Leisure Knockout III"]
[Site "SchemingMind.com"]
[Date "2011.04.09"]
[Round "-"]
[White "Aadsje"]
[Black "marooned"]
[Result "0-1"]
[WhiteCountry "NED"]
[BlackCountry "CHI"]
[WhiteElo "1897"]
[WhiteRD "56"]
[BlackElo "1970"]
[BlackRD "83"]
[GameID "280490"]

1. d4 Nf6 2. Nf3 e6 3. c4 d5 4. Nc3 c6 5. e3 Nbd7 6. Qc2 Bd6 7. Be2 O-O 8. O-O dxc4 9. Bxc4 a6 10. Bd2 Qc7
11. Rac1 b5 12. Bd3 Bb7 13. b4 a5 14. Nxb5 cxb5
0-1

[Event "It's a Leisure Knockout III"]
[Site "SchemingMind.com"]
[Date "2011.08.06"]
[Round "-"]
[White "petrus"]
[Black "egis"]
[Result "0-1"]
[WhiteCountry "BEL"]
[BlackCountry "LTU"]
[WhiteElo "1828"]
[WhiteRD "97"]
[BlackElo "2038"]
[BlackRD "94"]
[GameID "289969"]

1. d4 Nf6 2. Nf3 e6 3. Bg5 c5 4. g3 Qb6 5. b3 Ne4 6. Bg2 Nxg5 7. Nxg5 cxd4 8. e3 dxe3 9. Qf3 exf2+ 10. Qxf2 Qa5+
11. Qd2 Qe5+ 12. Ne4 Qxa1 13. Nc3 Bc5 14. b4 Bxb4 15. O-O O-O 16. Be4 d5 17. Qd4 Nc6 18. Bxh7+ Kxh7 19. Qh4+ Kg8 20. Nd2 Qxc3
21. Nf3 Qxc2 22. Ng5 f6 23. Nh3 Bc5+ 24. Kh1 Qe2 25. Qf4= e5
0-1

[Event "It's a Leisure Knockout III"]
[Site "SchemingMind.com"]
[Date "2011.08.06"]
[Round "-"]
[White "egis"]
[Black "petrus"]
[Result "1-0"]
[WhiteCountry "LTU"]
[BlackCountry "BEL"]
[WhiteElo "2043"]
[WhiteRD "101"]
[BlackElo "1815"]
[BlackRD "104"]
[GameID "289974"]

1. e4 e6 2. d4 b6 3. Nf3 Bb7 4. Bd3 Nf6 5. e5 Nd5 6. Be4 Qc8 7. O-O f6 8. Bxd5 Bxd5 9. Nc3 Bc4 10. Re1 Be7
11. Nd2 Ba6 12. exf6 Bxf6 13. Qh5+ g6 14. Qf3 O-O 15. Qxa8 Bb7 16. Qxa7 Na6 17. Nb5 c6 18. Nd6 Qc7 19. N2e4 Bxd4 20. Qxb7 Qxb7
21. Nxb7 d5 22. c3 Bg7 23. Ned6 e5 24. Bg5 Nb8 25. Nd8 Bf6 26. Bxf6 e4 27. Be7
1-0

[Event "It's a Leisure Knockout III"]
[Site "SchemingMind.com"]
[Date "2011.09.15"]
[Round "-"]
[White "miriskra"]
[Black "simon_w"]
[Result "1-0"]
[WhiteCountry "WLS"]
[BlackCountry "IRL"]
[WhiteElo "1876"]
[WhiteRD "72"]
[BlackElo "1870"]
[BlackRD "81"]
[GameID "292884"]

1. d4 Nf6 2. c4 e6 3. Nf3 c5 4. Nc3 cxd4 5. Nxd4 Bc5 6. g3 Nc6 7. Nxc6 bxc6 8. Bg2 O-O 9. O-O a5 10. Qc2 d5
11. cxd5 cxd5 12. Na4 Bd6 13. Be3 Rb8 14. Rac1 Bd7 15. Nc3 Rc8 16. Qb1 Bc5 17. Bxc5 Rxc5 18. b4 axb4 19. Qxb4 Qc7 20. Nxd5 Nxd5
21. Qxc5 Qxc5 22. Rxc5 Rc8 23. Rxc8+
1-0

[Event "It's a Leisure Knockout III"]
[Site "SchemingMind.com"]
[Date "2011.09.15"]
[Round "-"]
[White "simon_w"]
[Black "miriskra"]
[Result "0-1"]
[WhiteCountry "IRL"]
[BlackCountry "WLS"]
[WhiteElo "1870"]
[WhiteRD "81"]
[BlackElo "1876"]
[BlackRD "72"]
[GameID "292890"]

1. e4 e6 2. d4 d5 3. Nd2 dxe4 4. Nxe4 Nd7 5. Bd3 Ngf6 6. Qe2 Nxe4 7. Bxe4 Nf6 8. Bd3 Qxd4 9. Nf3 Bb4+ 10. Nd2 Bxd2+
11. Qxd2 Qe5+ 12. Qe3 Qxe3+ 13. Bxe3 Bd7 14. h3 Bc6 15. f3 Nd5 16. Bd4 f6 17. Be4 Ne7 18. O-O-O Bxe4 19. fxe4 Nc6 20. Bc3 Ke7
21. Rd3 Rhd8 22. g4 a5 23. a3 b5 24. b4 axb4 25. axb4 Rxd3 26. cxd3 Ra4
0-1

[Event "It's a Leisure Knockout III"]
[Site "SchemingMind.com"]
[Date "2011.12.14"]
[Round "-"]
[White "miriskra"]
[Black "marooned"]
[Result "1/2-1/2"]
[WhiteCountry "WLS"]
[BlackCountry "CHI"]
[WhiteElo "1815"]
[WhiteRD "63"]
[BlackElo "2011"]
[BlackRD "70"]
[GameID "299127"]

1. d4 Nf6 2. c4 e6 3. Nf3 b6 4. a3 Bb7 5. Nc3 Be7 6. Bg5 O-O 7. e3 d5 8. Rc1 Nbd7 9. cxd5 Nxd5 10. Bxe7 Qxe7
11. Bd3 N7f6 12. O-O Rac8 13. Qe2 Nxc3 14. Rxc3 c5 15. dxc5 Rxc5 16. Rfc1 Rfc8 17. Rxc5 Rxc5 18. Rxc5 Qxc5 19. Nd2 Qc1+ 20. Nf1 e5
21. Qc2 Qxc2 22. Bxc2 Bd5 23. Nd2 a6 24. Bb3 Bxb3 25. Nxb3 Kf8 26. Kf1 Ke7 27. Ke2= Kd6 28. f3 h6 29. Nd2 b5 30. Kd3 Nd7
31. b4 f5 32. e4 f4 33. h4 g5 34. hxg5 hxg5 35. Nb3 Kc6 36. Na5+ Kb6 37. Nb3 Nf6 38. Nc5 g4 39. Ke2 a5 40. Nd3 gxf3+=
1/2-1/2

[Event "It's a Leisure Knockout III"]
[Site "SchemingMind.com"]
[Date "2011.12.15"]
[Round "-"]
[White "marooned"]
[Black "miriskra"]
[Result "1/2-1/2"]
[WhiteCountry "CHI"]
[BlackCountry "WLS"]
[WhiteElo "1997"]
[WhiteRD "71"]
[BlackElo "1829"]
[BlackRD "64"]
[GameID "299130"]

1. d4 Nf6 2. Nf3 e6 3. c4 Bb4+ 4. Bd2 Qe7 5. g3 O-O 6. Bg2 Bxd2+ 7. Qxd2 d6 8. O-O Nbd7 9. Nc3 c6 10. e4 e5
11. d5 c5 12. a3 Ne8 13. Qd3 g6 14. Bh3 Ng7 15. Rae1 a6 16. Nd2 f5 17. exf5 gxf5 18. Qe3 Nb6 19. f4 e4 20. Kh1 h5
21. b3 Qf6 22. Ne2 Bd7 23. Rb1 Rae8 24. b4=
1/2-1/2

[Event "It's a Leisure Knockout III"]
[Site "SchemingMind.com"]
[Date "2011.12.24"]
[Round "-"]
[White "egis"]
[Black "harsh"]
[Result "1/2-1/2"]
[WhiteCountry "LTU"]
[BlackCountry "IND"]
[WhiteElo "2052"]
[WhiteRD "109"]
[BlackElo "2077"]
[BlackRD "78"]
[GameID "299410"]

1. c4 c5 2. Nc3 Nf6 3. Nf3 g6 4. e4 d6 5. Be2 Bg7 6. O-O O-O 7. d3 Nc6 8. Bd2 Ng4 9. Bg5 a6 10. h3 Nge5
11. Nxe5 dxe5 12. Nd5 f6 13. Be3 Nd4 14. Bxd4 exd4 15. Bf3 e6 16. Nf4 Qc7 17. Qd2 Qd6 18. Ne2 Rb8 19. a4 Bd7 20. b3 b6
21. Ng3 Bc6 22. Rfe1 a5 23. Bg4 f5 24. Bf3 Rbe8 25. Rab1 Be5 26. Nf1 Re7 27. Qe2 Bd7 28. exf5 exf5 29. Qb2 Rfe8 30. Bd5+ Kg7
31. Nd2 Bh2+ 32. Kf1 g5 33. Nf3 g4 34. hxg4 fxg4 35. Rxe7+ Rxe7 36. Nxh2 Qxh2 37. g3 Re5 38. f4 Rh5 39. Qxh2 Rxh2 40. Bg2 Rh6
41. Rd1 Bf5 42. Bd5 Rd6 43. Kf2 Rd7 44. Be4 Kf6=
1/2-1/2

[Event "It's a Leisure Knockout III"]
[Site "SchemingMind.com"]
[Date "2011.12.24"]
[Round "-"]
[White "harsh"]
[Black "egis"]
[Result "0-1"]
[WhiteCountry "IND"]
[BlackCountry "LTU"]
[WhiteElo "2012"]
[WhiteRD "78"]
[BlackElo "2067"]
[BlackRD "102"]
[GameID "299416"]

1. d4 Nf6 2. c4 e6 3. Nf3 d5 4. g3 dxc4 5. Bg2 Bb4+ 6. Bd2 Bd6 7. Na3 Bxa3 8. bxa3 O-O 9. Qc2 b5 10. Ne5 Nd5
11. O-O a6 12. Be4 h6 13. Rab1 Qd6 14. Qc1 Nc6 15. Nxc6 Qxc6 16. Bxh6 f5 17. Bxg7 Kxg7 18. Qg5+ Kf7 19. Bf3 Rh8 20. Bh5+ Rxh5
21. Qxh5+ Ke7 22. Qg5+ Kd7 23. Qg7+ Ne7 24. h4 Qe4 25. Qe5 Qxe5 26. dxe5 Bb7 27. f3 Kc6 28. Kf2 Kd5 29. f4 Kd4 30. Rfd1+ Kc5
31. Rd7 Nd5 32. Rg7 Kd4 33. Rg6 Nc3 34. Re1 Bd5 35. g4 fxg4 36. Rxg4 Nxa2 37. e4 Bxe4 38. f5 exf5
0-1

[Event "It's a Leisure Knockout III"]
[Site "SchemingMind.com"]
[Date "2012.06.07"]
[Round "-"]
[White "miriskra"]
[Black "egis"]
[Result "0-1"]
[WhiteCountry "WLS"]
[BlackCountry "LTU"]
[WhiteElo "1773"]
[WhiteRD "66"]
[BlackElo "2013"]
[BlackRD "106"]
[GameID "311655"]

1. d4 Nf6 2. c4 e6 3. Nf3 d5 4. Nc3 dxc4 5. e3 Nd5 6. Bxc4 Nxc3 7. bxc3 Bd6 8. e4 O-O 9. O-O Nc6 10. e5 Be7
11. Qe2 b6 12. Qe4 Bb7 13. Qg4 g6 14. h4 h5 15. Qh3 Na5 16. Bd3 Bxf3 17. Qxf3 Bxh4 18. g3 Bg5 19. Bb2 c5 20. Qg2 Qc7
21. f4 Bh6 22. g4 hxg4 23. Qxg4 Rad8 24. Rf2 Bg7 25. Rg2 Qd7 26. Kf2 Qa4 27. Rh1 Ra8 28. Qh4 Rfb8 29. Qh7+ Kf8 30. f5 exf5
31. Bxf5 cxd4 32. Bxg6 dxc3 33. Bc2 Qf4+ 34. Kg1 cxb2 35. Qxg7+ Ke7 36. Bb1 Nc4 37. e6 Kxe6 38. Rh6+ Ke7
0-1

[Event "It's a Leisure Knockout III"]
[Site "SchemingMind.com"]
[Date "2012.06.07"]
[Round "-"]
[White "egis"]
[Black "miriskra"]
[Result "1/2-1/2"]
[WhiteCountry "LTU"]
[BlackCountry "WLS"]
[WhiteElo "2000"]
[WhiteRD "104"]
[BlackElo "1784"]
[BlackRD "69"]
[GameID "311660"]

1. e4 e6 2. d4 d5 3. Nd2 dxe4 4. Nxe4 Nd7 5. Nf3 Ngf6 6. Bd3 Nxe4 7. Bxe4 Nf6 8. Bg5 Be7 9. Bxf6 Bxf6 10. c3 O-O
11. O-O Rb8 12. b4 g6 13. Qd3 b6 14. a4 c5 15. bxc5 bxc5 16. Ne5 Rb6 17. dxc5 Qxd3 18. Nxd3 Rb3 19. c6 Rxc3 20. Rfc1 Rxc1+
21. Rxc1 Rd8 22. Nc5 Rd2 23. Nb3 Rb2 24. Na5 Rb4 25. Rc4 Rxc4 26. Nxc4 Be7 27. g3 Kg7 28. f4 Bc5+ 29. Kg2 Kf6 30. g4 Ke7
31. g5 Ba6 32. Ne5 Bd6 33. Kf3 Bc7 34. Bd3 Bxe5 35. Bxa6 Bc7=
1/2-1/2